000 00295nam a22001217a 4500
008 230623b xxu||||| |||| 00| 0 eng d
082 _a330.05
_bUOC
245 _aJournal of Political Economy
260 _bThe University of Chicago
_c1995
300 _a227p
440 _n1
_v103
942 _2ddc
_cBK
999 _c2444
_d2444